<?xml version="1.0" encoding="UTF-8"?>
<collection xmlns="http://www.loc.gov/MARC21/slim">
 <record>
  <leader>01662nam a2200217Ia 4500</leader>
  <controlfield tag="001">CTU_121053</controlfield>
  <controlfield tag="008">210402s9999    xx            000 0 und d</controlfield>
  <datafield tag="020" ind1=" " ind2=" ">
   <subfield code="c">24000</subfield>
  </datafield>
  <datafield tag="082" ind1=" " ind2=" ">
   <subfield code="a">344.59701</subfield>
  </datafield>
  <datafield tag="082" ind1=" " ind2=" ">
   <subfield code="b">Ch300</subfield>
  </datafield>
  <datafield tag="100" ind1=" " ind2=" ">
   <subfield code="a">Nguyễn, Hữu Chí</subfield>
  </datafield>
  <datafield tag="245" ind1=" " ind2="0">
   <subfield code="a">Chế độ bồi thường trong luật Lao động Việt Nam</subfield>
  </datafield>
  <datafield tag="245" ind1=" " ind2="0">
   <subfield code="c">Nguyễn Hữu Chí (chủ biên), Đỗ Gia Thắng</subfield>
  </datafield>
  <datafield tag="260" ind1=" " ind2=" ">
   <subfield code="a">Hà Nội</subfield>
  </datafield>
  <datafield tag="260" ind1=" " ind2=" ">
   <subfield code="b">Tư pháp</subfield>
  </datafield>
  <datafield tag="260" ind1=" " ind2=" ">
   <subfield code="c">2006</subfield>
  </datafield>
  <datafield tag="520" ind1=" " ind2=" ">
   <subfield code="a">Kể từ khi thi hành Bộ luật lao động cho tới nay, Nhà nước ta đã xây dựng được hệ thống quy phạm pháp luật về chế độ bồi thường tương đối phong phú. Tuy nhiên, các quy định đó còn nhiều điểm bất cập chưa phù hợp với thực tiễn nên đã gây ra nhiều khó khăn khi áp dụng trong thực tế. Mặt khác, còn nhiều vấn đề hiện nay chưa được đề cập tới nhưng thực tế giải quyết tranh chấp Toà án đã gặp phải. Thực trạng đó đòi hỏi phải có điều chỉnh kịp thời, đáp ứng đòi hỏi của cuộc sống. Cuốn sách: &quot; Chế độ bồi thường thiệt hại trong luật lao động Việt Nam&quot; cung cấp cho bạn đọc những kiến thức cần thiết trong lĩnh vực này.</subfield>
  </datafield>
  <datafield tag="650" ind1=" " ind2=" ">
   <subfield code="a">Labor laws and legislation</subfield>
  </datafield>
  <datafield tag="650" ind1=" " ind2=" ">
   <subfield code="z">Vietnam</subfield>
  </datafield>
  <datafield tag="904" ind1=" " ind2=" ">
   <subfield code="i">Hiếu</subfield>
  </datafield>
  <datafield tag="980" ind1=" " ind2=" ">
   <subfield code="a">Trung tâm Học liệu Trường Đại học Cần Thơ</subfield>
  </datafield>
 </record>
</collection>
